La filosofía política de Andrés Avelino : (Registro nro. 12634)
[ vista simple ]
| 000 -LIDER | |
|---|---|
| fixed length control field | 01010nam a2200289 u 4500 |
| 001 - NÚMERO DE CONTROL | |
| Identificador de número de control | 000020413 |
| 003 - IDENTIFICACDOR DE NÚMERO DE CONTROL | |
| control field | DO-SdBPM |
| 005 - DATE AND TIME OF LATEST TRANSACTION | |
| control field | 20241025122233.0 |
| 008 - ELEMENTOS DE LONGITUD FIJA | |
| fixed length control field | 100813s2015 dr a 000 0 spa d |
| 020 ## - ISBN | |
| International Standard Book Number | 9789945893427 |
| 040 ## - FUENTE DE CATALOGACIÓN | |
| Agencia que crea de manera original el registro | DO-SdBPM |
| Idioma de catalogación | spa |
| Agencia que realiza la transcripción | BPMSU |
| 082 #4 - NÚMERO DE CLASIFICACIÓN DECIMAL DE DEWEY | |
| Classification number | 199.7293 |
| Item number | O12f 2015 |
| Edition number | 22 |
| 100 1# - ASIENTO PRINCIPAL -- NOMBRE PERSONAL | |
| Nombre personal | Objío, Orlando, |
| Fechas asociadas con el nombre | 1954- |
| 245 13 - MENCIÓN DE TITULO | |
| Título | La filosofía política de Andrés Avelino : |
| Subtítulo | filosofía y dictadura / |
| Mención de responsabilidad | Orlando Objío ; edición Bergson Rosario. |
| 260 ## - PUBLICACIÓN, DISTRIBUCIÓN, ETC. (PIE DE IMPRENTA) | |
| Lugar de publicación, distribución, etc | Santo Domingo : |
| Nombre del editor, distribuidor, etc. | Editora Búho, |
| Fecha de publicación, distribución, etc | 2015. |
| 300 ## - DESCRIPCIÓN FÍSICA | |
| Extensión | 217 p. ; |
| Dimensiones | 22 cm. |
| 500 ## - NOTA GENERAL | |
| Nota general | Incluye datos biográficos del autor en la solapa de la cubierta |
| 500 ## - NOTA GENERAL | |
| Nota general | Incluye referencias bibliográficas y notas al pie de las páginas |
| 504 ## - NOTA DE BIBLIOGRAFÍA, ETC. | |
| Bibliography, etc | Bibliografía : p. 205-217 |
| 590 ## - NOTA LOCAL | |
| Texto de la nota local | Inventariado 2024/VM |
| 600 14 - ENCABEZAMIENTO DE MATERIA--NOMBRE PERSONAL | |
| Nombre personal | Avelino, Andrés, |
| Fechas asociadas con el nombre | 1900-1974 |
| 650 #4 - ENCABEZAMIENTO DE MATERIA--TEMÁTICO | |
| Término temático o nombre geográfico como elemento de entrada | Filósofos dominicanos |
| 700 1# - ASIENTO SECUNDARIO -- NOMBRE PERSONAL | |
| Nombre personal | Rosario, Bergson |
| Mención de responsabilidad | ed. |
| 700 z# - ASIENTO SECUNDARIO -- NOMBRE PERSONAL | |
| Nombre personal | B. Rosario |
| 910 ## - VALIDACIÓN | |
| Validación | VMateo V. Control de calidad. BMSU |
| 942 ## - ADDED ENTRY ELEMENTS (KOHA) | |
| Source of classification or shelving scheme | Dewey Decimal Classification |
| Koha item type | Libros |
| Withdrawn status | Lost status | Source of classification or shelving scheme | Damaged status | Not for loan | Collection code | Home library | Current library | Date acquired | Total Checkouts | Full call number | Barcode | Date last seen | Price effective from | Koha item type |
|---|---|---|---|---|---|---|---|---|---|---|---|---|---|---|
| Dewey Decimal Classification | Colección Dominicana | Biblioteca Pública Metropolitana Salomé Ureña | Biblioteca Pública Metropolitana Salomé Ureña | 10/18/2017 | BPMSU CD 199.7293 O12f 2015 | BPMSU17100061 | 10/18/2017 | 10/18/2017 | Libros |